[Event "World Senior chT-65 2019"]
[Site "Rhodes"]
[Date "2019.04.24"]
[Round "9.12"]
[White "Lederman, Leon"]
[Black "Kivimaki, Jaakko"]
[Result "1-0"]
[WhiteElo "2281"]
[BlackElo "2165"]
[Annotator "NA"]
[PlyCount "79"]
[EventDate "2019.04.16"]
[EventType "team-tourn"]
[EventCountry "GRE"]
[SourceTitle "playchess.com"]
[Source "ChessBase"]
[SourceQuality "1"]
[WhiteTeam "Israel"]
[BlackTeam "Finland"]
[WhiteTeamCountry "ISR"]
[BlackTeamCountry "FIN"]
[TimeControl "40/5400+30:1800+30"]

1. e4 {[%emt 0:00:00]} e5 {[%emt 0:00:00]} 2. Nf3 {[%emt 0:00:00]} Nc6 {[%emt 0:00:00]} 3. Bb5 {[%emt 0:00:00]} Nge7 {[%emt 0:00:00]} 4. O-O {[%emt 0:00:00]} Ng6 {[%emt 0:00:02]} 5. c3 {[%emt 0:00:00]} a6 {[%emt 0:00:04]} 6. Ba4 {[%emt 0:00:04]} Be7 {[%emt 0:01:01]} 7. d4 {[%emt 0:00:08]} d6 {[%emt 0:00:05]} 8. d5 {[%emt 0:05:09]} b5 {[%emt 0:00:56]} 9. Bc2 {[%emt 0:00:03]} Na5 {[%emt 0:00:11]} 10. a4 {[%emt 0:01:29]} Bd7 {[%emt 0:00:12]} 11. Na3 {[%emt 0:01:17]} Qc8 {[%emt 0:00:31]} 12. b4 {[%emt 0:01:23]} Nc4 {[%emt 0:00:06]} 13. Nxc4 {[%emt 0:01:12]} bxc4 {[%emt 0:00:06]} 14. Nd2 {[%emt 0:03:19]} O-O {[%emt 0:00:57]} 15. Nxc4 {[%emt 0:00:09]} f5 {[%emt 0:00:09]} 16. exf5 {[%emt 0:01:26]} Bxf5 {[%emt 0:00:10]} 17. Bxf5 {[%emt 0:00:05]} Qxf5 {[%emt 0:01:14]} 18. Ne3 {[%emt 0:02:21]} Qf7 {[%emt 0:07:27]} 19. c4 {[%emt 0:02:43]} Nf4 {[%emt 0:04:53]} 20. Qc2 {[%emt 0:02:06]} Qh5 {[%emt 0:01:34]} 21. f3 {[%emt 0:01:39]} e4 {[%emt 0:07:49]} 22. Ra2 {[%emt 0:01:02]} Bf6 {[%emt 0:10:02]} 23. Qxe4 {[%emt 0:02:57]} Rae8 {[%emt 0:05:53]} 24. Qxf4 {[%emt 0:10:20]} Be5 {[%emt 0:01:14]} 25. Qg4 {[%emt 0:00:06]} Qxh2+ {[%emt 0:00:26]} 26. Kf2 {[%emt 0:00:04]} Rf6 {[%emt 0:04:31]} 27. Qh3 {[%emt 0:10:20]} Qf4 {[%emt 0:00:17]} 28. Re2 {[%emt 0:05:55]} Bd4 {[%emt 0:03:42]} 29. Rd1 {[%emt 0:05:41]} Ba7 {[%emt 0:04:03]} 30. c5 {[%emt 0:08:46]} Qxb4 {[%emt 0:02:31]} 31. Qd7 {[%emt 0:07:29]} Ref8 {[%emt 0:03:46]} 32. Ng4 {[%emt 0:01:48]} R6f7 {[%emt 0:02:35]} 33. Qe6 {[%emt 0:00:19]} Bxc5+ {[%emt 0:08:55]} 34. Be3 {[%emt 0:00:51]} Qxa4 {[%emt 0:00:13]} 35. Rc1 {[%emt 0:01:16]} Re8 {[%emt 0:03:09]} 36. Rc4 {[%emt 0:04:21]} Qb5 {[%emt 0:02:02]} 37. Nh6+ {[%emt 0:02:02]} gxh6 {[%emt 0:00:29]} 38. Rg4+ {[%emt 0:00:03]} Kh8 {[%emt 0:00:32]} 39. Qxf7 {[%emt 0:00:28]} Bxe3+ {[%emt 0:00:35]} 40. Rxe3 {[%emt 0:01:38]} 1-0

[Event "World Senior chT-65 2019"]
[Site "Rhodes"]
[Date "2019.04.24"]
[Round "9.13"]
[White "Bellin, Robert"]
[Black "Faibisovich, Vadim Z"]
[Result "1/2-1/2"]
[WhiteElo "2315"]
[BlackElo "2302"]
[Annotator "TA"]
[PlyCount "29"]
[EventDate "2019.04.16"]
[EventType "team-tourn"]
[EventCountry "GRE"]
[SourceTitle "playchess.com"]
[Source "ChessBase"]
[SourceQuality "1"]
[WhiteTeam "England"]
[BlackTeam "Russia"]
[WhiteTeamCountry "ENG"]
[BlackTeamCountry "RUS"]

{[%evp 10,29,10,6,22,-4,17,12,35,31,58,13,27,22,29,27,17,29,17,27,47,11]} 1. Nf3 Nf6 2. e3 d5 3. c4 e6 4. b3 Be7 5. Bb2 O-O 6. Nc3 Nbd7 {A13: English Opening: 1...e6} (6... dxc4 7. Bxc4 c5 8. h4 a6 9. Qb1 b5 10. Be2 Bb7 11. Ng5 Nbd7 12. Bf3 Bxf3 13. Nxf3 Rc8 14. Ne2 {0-1 (59) Nepomniachtchi,I (2763)-Yu,Y (2764) St Petersburg 2018}) 7. Qc2 c6 8. d4 a6 {The position is equal.} 9. Bd3 b5 10. O-O bxc4 11. bxc4 c5 12. Rfd1 dxc4 13. Bxc4 cxd4 $146 ({Predecessor:} 13... Qc7 14. dxc5 {½-½ (14) Turna,S (2288)-Gregorova,Z (2194) Slovakia 2007}) 14. Nxd4 Qc7 15. Be2 1/2-1/2

[Event "World Senior chT-65 2019"]
[Site "Rhodes"]
[Date "2019.04.24"]
[Round "9.14"]
[White "Karasev, Vladimir I"]
[Black "Povah, Nigel E"]
[Result "0-1"]
[WhiteElo "2281"]
[BlackElo "2319"]
[Annotator "TA"]
[PlyCount "122"]
[EventDate "2019.04.16"]
[EventType "team-tourn"]
[EventCountry "GRE"]
[SourceTitle "playchess.com"]
[Source "ChessBase"]
[SourceQuality "1"]
[WhiteTeam "Russia"]
[BlackTeam "England"]
[WhiteTeamCountry "RUS"]
[BlackTeamCountry "ENG"]

{[%evp 9,192,0,22,28,45,55,140,146,139,143,164,175,144,91,78,88,92,85,94,71,71,41,83,39,49,40,44,43,48,26,76,66,82,55,80,35,42,42,63,25,31,16,31,16,22,8,32,-117,-108,-185,-189,-174,-105,-195,-211,-208,-166,-185,-112,-146,-114,-142,-100,-94,-54,-34,-26,-95,-101,-127,-94,-176,-193,-175,-184,-219,-218,-301,-293,-466,-473,-397,-278,-289,-218,-276,-276,-276,-276,-276,-276,-276,-275,-275,-270,-272,-269,-240,-233,-235,-131,-205,-199,-254,-210,-328,-318,-428,-435,-408,-404,-480,-464,-597,-593,-580,-575,-572,-703,-511,-657,-660,-653,-616,-610,-1214,-1214,-1214,-1214,-1214,-1206,-1214,-1214,-1160,-611,-1153,-1181,-1192,-1192,-1192,-1185,-1137,-1105,-944,-798,-1018,-764,-688,-609,-5097,-4344,-2621,-592,-29968,-29968,-29961,-29948,-29977,-29978,-29978,0,0,0,-29971,-29972,-29963,0,0,0,0,0,0,0,0,0,0,0,-29979,-29981,-29981,-29982,-29983,-29984,-29984,-29983]} 1. g3 e5 2. Bg2 Nf6 3. c4 h6 4. Nc3 Bb4 5. e4 Bc5 $146 ({Predecessor:} 5... d6 6. Nge2 Nc6 7. h3 Bc5 8. a3 a6 9. d3 Nd4 10. b4 Ba7 11. Be3 O-O 12. O-O {1-0 (41) Svidler,P (2751)-Erdos,V (2628) Tbilisi 2017}) 6. Nf3 {A20: English Opening: 1...e5} Nc6 {[#]} 7. Nxe5 $1 {[%mdl 512]} Bxf2+ (7... Nxe5 $14 8. d4 Bxd4 $1 {[%mdl 512]} 9. Qxd4 d6) 8. Kxf2 $16 {White is clearly better.} Nxe5 9. d4 Nxc4 ({Don't blunder} 9... Nfg4+ $2 10. Kg1 $18) 10. e5 Nh7 11. Qg4 (11. b3 $142 Nb6 12. Ba3) 11... Ng5 12. Qe2 {[%mdl 1024] White has strong compensation.} Nb6 13. h4 Nh7 14. Qg4 Kf8 15. Rf1 d5 16. Qh5 Be6 17. Kg1 Qd7 18. b3 Kg8 19. Qe2 Nc8 20. Ba3 Nb6 21. Bc5 Rd8 22. a4 Nc8 23. Rac1 c6 24. a5 Nf8 25. Na4 Bg4 26. Qd2 Ne6 27. Ba3 Ne7 {Black wants to play ...Nf5.} 28. a6 (28. Nc5 $14 {keeps the upper hand.} Nxc5 29. Bxc5) 28... Nf5 $36 {[%mdl 2112] Double Attack. Black is on the roll.} 29. Rf4 (29. Kh2 $17 {was called for.}) 29... h5 $1 $19 ({Not} 29... Nxf4 30. Qxf4 h5 31. Nc5 $11) 30. axb7 Qxb7 ({Much less strong is} 30... Nxf4 31. Nc5 $11) ({Better is} 30... Nxg3 $19 31. Rf2 Rb8) 31. Rc3 (31. Nc5 $17 Nxc5 32. Bxc5) 31... Nxf4 32. Qxf4 Rh6 33. Nc5 Qc7 (33... Qc8 $19 34. Qf2 f6) 34. Bf1 Re8 {Threatens to win with ...f6.} 35. Bd3 Ne7 36. Bc1 Qc8 37. Qf2 Rh8 38. Kh2 (38. b4 $11 {keeps the balance.}) 38... Nf5 $17 39. Ba6 Qc7 40. Bf4 (40. Bd3 $17 g6 41. Bd2) 40... Qa5 $19 41. Bd2 Qa2 $1 42. Bb7 {[#]} Rh6 $1 {[%mdl 64] Pin} 43. Nd3 (43. Bxh6 Qxf2+) 43... Rb8 44. Bxh6 (44. Nc5 {was the only defense.}) 44... Qxf2+ 45. Nxf2 Rxb7 46. Be3 Kf8 47. Kg2 Ke8 48. Nxg4 hxg4 {[%mdl 4096] Endgame KRB-KRN} 49. Bf2 Kd7 50. Kf1 Rb6 51. Ke2 Ra6 52. Rc2 g6 53. Kd3 Kc7 54. Re2 Ng7 (54... Ra3 $19 55. Rb2 Ra1) 55. Be1 (55. Be3 $17) 55... Ra1 $1 56. Kc3 (56. Kd2 {is a better defense.}) 56... Rd1 57. Bf2 (57. Kc2 {was worth a try.} Rxd4 58. Kc3) 57... Rf1 58. Ra2 Kb6 59. Kd3 Nf5 60. Re2 Kb5 61. Kc3 {[#]} a6 {Played: Nf5xg3} 0-1

[Event "World Senior chT-65 2019"]
[Site "Rhodes"]
[Date "2019.04.24"]
[Round "9.15"]
[White "Stebbings, Anthony J"]
[Black "Shushpanov, Vladimir"]
[Result "1-0"]
[WhiteElo "2281"]
[BlackElo "2180"]
[Annotator "NA"]
[PlyCount "26"]
[EventDate "2019.04.16"]
[EventType "team-tourn"]
[EventCountry "GRE"]
[SourceTitle "playchess.com"]
[Source "ChessBase"]
[SourceQuality "1"]
[WhiteTeam "England"]
[BlackTeam "Russia"]
[WhiteTeamCountry "ENG"]
[BlackTeamCountry "RUS"]
[TimeControl "40/5400+30:1800+30"]

1. d4 {[%emt 0:00:18]} Nc6 {[%emt 0:00:02]} 2. e4 {[%emt 0:00:05]} d5 {[%emt 0:01:29]} 3. Nc3 {[%emt 0:01:20]} e5 {[%emt 0:05:42]} 4. Bb5 {[%emt 0:00:22]} dxe4 {[%emt 0:13:02]} 5. dxe5 {[%emt 0:00:16]} Qxd1+ {[%emt 0:01:29]} 6. Kxd1 {[%emt 0:02:18]} Bg4+ {[%emt 0:00:17]} 7. Nge2 {[%emt 0:01:56]} O-O-O+ {[%emt 0:01:08]} 8. Ke1 {[%emt 0:10:26]} Nxe5 {[%emt 0:00:00]} 9. Nxe4 {[%emt 0:05:21]} Be7 {[%emt 0:04:53]} 10. Bf4 {[%emt 0:14:30]} Rd5 11. N2c3 {[%emt 0:01:52]} Bb4 12. a3 {[%emt 0:09:00]} Bxc3+ {[%emt 0:00:53]} 13. Nxc3 {[%emt 0:00:00]} Rd6 {[%emt 0:12:48]} 1-0

[Event "World Senior chT-65 2019"]
[Site "Rhodes"]
[Date "2019.04.24"]
[Round "9.16"]
[White "Blechzin, Igor"]
[Black "Snape, Ian L"]
[Result "1/2-1/2"]
[WhiteElo "2210"]
[BlackElo "2154"]
[Annotator "NA"]
[PlyCount "64"]
[EventDate "2019.04.16"]
[EventType "team-tourn"]
[EventCountry "GRE"]
[SourceTitle "playchess.com"]
[Source "ChessBase"]
[SourceQuality "1"]
[WhiteTeam "Russia"]
[BlackTeam "England"]
[WhiteTeamCountry "RUS"]
[BlackTeamCountry "ENG"]
[TimeControl "40/5400+30:1800+30"]

1. c4 {[%emt 0:00:00]} Nf6 {[%emt 0:00:09]} 2. Nc3 {[%emt 0:03:45]} g6 {[%emt 0:00:13]} 3. g3 {[%emt 0:01:25]} Bg7 {[%emt 0:00:07]} 4. d4 {[%emt 0:00:15]} O-O {[%emt 0:00:08]} 5. Bg2 {[%emt 0:00:13]} d6 {[%emt 0:00:07]} 6. Nf3 {[%emt 0:00:06]} Nc6 {[%emt 0:00:10]} 7. d5 {[%emt 0:00:25]} Na5 {[%emt 0:00:06]} 8. Nd2 {[%emt 0:00:22]} c6 {[%emt 0:01:05]} 9. O-O {[%emt 0:04:40]} cxd5 {[%emt 0:00:09]} 10. cxd5 {[%emt 0:07:38]} Bd7 {[%emt 0:00:08]} 11. Nf3 {[%emt 0:07:32]} b5 {[%emt 0:06:05]} 12. a3 {[%emt 0:03:53]} Rc8 {[%emt 0:02:17]} 13. Nd4 {[%emt 0:07:31]} Qb6 {[%emt 0:05:55]} 14. h3 {[%emt 0:08:55]} e5 {[%emt 0:06:39]} 15. dxe6 {[%emt 0:01:38]} fxe6 {[%emt 0:00:13]} 16. Nb3 {[%emt 0:03:03]} Nc4 {[%emt 0:01:20]} 17. Nd2 {[%emt 0:05:33]} d5 {[%emt 0:10:56]} 18. a4 {[%emt 0:03:10]} a6 {[%emt 0:01:27]} 19. axb5 {[%emt 0:01:34]} axb5 {[%emt 0:00:33]} 20. Qb3 {[%emt 0:03:09]} Kh8 {[%emt 0:06:06]} 21. Nxc4 {[%emt 0:01:21]} Rxc4 {[%emt 0:02:20]} 22. Bd2 {[%emt 0:02:32]} Nh5 {[%emt 0:11:58]} 23. e3 {[%emt 0:02:57]} Nf6 {[%emt 0:02:30]} 24. Ne2 {[%emt 0:03:35]} Ne4 {[%emt 0:00:50]} 25. Bb4 {[%emt 0:03:42]} Rfc8 {[%emt 0:03:06]} 26. Rad1 {[%emt 0:03:45]} Qa6 {[%emt 0:05:08]} 27. Bxe4 {[%emt 0:04:13]} Rxe4 {[%emt 0:00:14]} 28. Bc3 {[%emt 0:00:47]} Rec4 {[%emt 0:04:47]} 29. Bxg7+ {[%emt 0:01:19]} Kxg7 {[%emt 0:00:02]} 30. Ra1 {[%emt 0:00:50]} Ra4 {[%emt 0:01:46]} 31. Rac1 {[%emt 0:01:46]} Rac4 {[%emt 0:00:57]} 32. Ra1 {[%emt 0:00:24]} Ra4 {[%emt 0:00:36]} 1/2-1/2

[Event "World Senior chT-65 2019"]
[Site "Rhodes"]
[Date "2019.04.24"]
[Round "9.17"]
[White "Page, Mark E"]
[Black "Herzog, Adolf"]
[Result "1/2-1/2"]
[WhiteElo "2107"]
[BlackElo "2337"]
[Annotator "NA"]
[PlyCount "105"]
[EventDate "2019.04.16"]
[EventType "team-tourn"]
[EventCountry "GRE"]
[SourceTitle "playchess.com"]
[Source "ChessBase"]
[SourceQuality "1"]
[WhiteTeam "England"]
[BlackTeam "Austria"]
[WhiteTeamCountry "ENG"]
[BlackTeamCountry "AUT"]
[TimeControl "40/5400+30:1800+30"]

1. e4 {[%emt 12:08:25]} e6 {[%emt 0:00:07]} 2. d4 {[%emt 0:00:15]} d5 {[%emt 0:00:08]} 3. exd5 {[%emt 0:00:10]} exd5 {[%emt 0:00:08]} 4. Nf3 {[%emt 0:00:11]} Bd6 {[%emt 0:00:33]} 5. c4 {[%emt 0:01:06]} c6 {[%emt 0:01:47]} 6. c5 {[%emt 0:04:03]} Bc7 {[%emt 0:02:10] C01: French: Exchange Variation} 7. Bd3 {[%emt 0:00:31]} Qe7+ {[%emt 0:06:04]} (7... Ne7 8. Qc2 h6 9. O-O O-O 10. h3 b6 11. Re1 Re8 12. a3 Ba6 13. Bxa6 Nxa6 14. Be3 {1-0 (65) Moussard,J (2559)-Krishna,C (2399) Paris 2018}) 8. Be3 {[%emt 0:04:01]} Bf4 $146 {[%emt 0:00:41]} ({Predecessor:} 8... Nf6 9. O-O Ne4 10. Nc3 f5 11. Re1 O-O 12. Bg5 Qf7 13. Qc1 Nd7 14. Bf4 Bxf4 15. Qxf4 {½-½ (28) Wittig,F (2293)-Galje,H (2356) Remote email 2014}) 9. O-O {[%emt 0:06:55]} Bxe3 {[%emt 0:00:07]} 10. fxe3 {[%emt 0:00:04]} Bg4 {[%emt 0:04:58]} 11. Nc3 {[%emt 0:07:08]} Nf6 {[%emt 0:00:31]} 12. Qd2 {[%emt 0:14:25]} Nbd7 {[%emt 0:03:12]} 13. Rae1 {[%emt 0:01:31]} Ne4 {[%emt 0:08:29]} 14. Qc2 {[%emt 0:03:33]} f5 {[%emt 0:03:40]} 15. b4 {[%emt 0:06:39]} a6 {[%emt 0:01:17]} 16. Bxe4 {[%emt 0:08:38]} fxe4 {[%emt 0:01:16]} 17. Nd2 {[%emt 0:00:09]} Nf6 {[%emt 0:01:43]} 18. a4 {[%emt 0:01:50]} O-O {[%emt 0:01:07]} 19. Nb3 {[%emt 0:03:30]} Bd7 {[%emt 0:03:02]} 20. Qe2 {[%emt 0:02:44]} Be8 {[%emt 0:04:52]} 21. h3 {[%emt 0:08:02]} Qc7 {[%emt 0:10:14]} 22. Qf2 {[%emt 0:03:47]} Bd7 {[%emt 0:06:11]} 23. Qf4 {[%emt 0:03:04]} Qc8 {[%emt 0:00:43]} 24. Re2 {[%emt 0:03:58]} Be6 {[%emt 0:01:11]} 25. Ref2 {[%emt 0:02:05]} Rf7 {[%emt 0:02:05]} 26. Qg5 {[%emt 0:04:25]} Kh8 {[%emt 0:01:39]} 27. Ne2 {[%emt 0:03:37]} Qd7 {[%emt 0:03:19]} 28. Nf4 {[%emt 0:02:51]} Raf8 {[%emt 0:00:41]} 29. Nh5 {[%emt 0:03:51]} Nxh5 {[%emt 0:07:15]} 30. Qxh5 {[%emt 0:00:11]} Bf5 {[%emt 0:01:43]} 31. Qh4 h6 {[%emt 0:00:31]} 32. g4 {[%emt 0:00:58]} Bg6 {[%emt 0:01:31]} 33. Rxf7 {[%emt 0:00:28]} Rxf7 {[%emt 0:00:16]} 34. Rxf7 {[%emt 0:00:26]} Bxf7 {[%emt 0:01:40]} 35. Qg3 {[%emt 0:01:04]} Be6 {[%emt 0:01:57]} 36. Kh2 {[%emt 0:00:44]} Kh7 {[%emt 0:00:26]} 37. a5 {[%emt 0:00:20]} Qf7 {[%emt 0:00:48]} 38. Kg2 {[%emt 0:00:34]} Qf6 $11 {[%emt 0:01:28]} 39. Nd2 {[%emt 0:00:23]} Qg5 {[%emt 0:00:58]} 40. Nf1 {[%emt 0:00:32]} h5 {[%emt 0:02:22]} 41. Nh2 {[%emt 0:06:59]} hxg4 {[%emt 0:01:35]} 42. hxg4 {[%emt 0:00:48]} Bc8 {[%emt 0:01:56]} 43. Kf2 {[%emt 0:03:15]} Be6 {[%emt 0:01:42]} 44. Qf4 {[%emt 0:09:00]} Qh4+ {[%emt 0:02:42]} 45. Qg3 {[%emt 0:00:14]} g5 {[%emt 0:00:35]} 46. Kg2 {[%emt 0:00:34]} Qxg3+ {[%emt 0:00:07]} 47. Kxg3 {[%emt 0:00:07]} Kg6 {[%emt 0:00:31]} 48. Nf1 {[%emt 0:00:32]} Bc8 {[%emt 0:00:09]} 49. Nd2 {[%emt 0:00:26]} Kf6 {[%emt 0:00:25]} 50. Nb1 {[%emt 0:00:20]} Bd7 {[%emt 0:00:37]} 51. Nc3 {[%emt 0:00:18]} Ke6 {[%emt 0:00:29]} 52. Kh3 {[%emt 0:02:28]} Ke7 {[%emt 0:00:24]} 53. Ne2 {[%emt 0:01:55]} 1/2-1/2

[Event "World Senior chT-65 2019"]
[Site "Rhodes"]
[Date "2019.04.24"]
[Round "9.18"]
[White "Petschar, Kurt"]
[Black "James, Geoffrey H"]
[Result "0-1"]
[WhiteElo "2226"]
[BlackElo "2144"]
[Annotator "NA"]
[PlyCount "92"]
[EventDate "2019.04.16"]
[EventType "team-tourn"]
[EventCountry "GRE"]
[SourceTitle "playchess.com"]
[Source "ChessBase"]
[SourceQuality "1"]
[WhiteTeam "Austria"]
[BlackTeam "England"]
[WhiteTeamCountry "AUT"]
[BlackTeamCountry "ENG"]
[TimeControl "40/5400+30:1800+30"]

1. Nf3 {[%emt 0:00:00]} Nf6 {[%emt 0:00:00]} 2. c4 {[%emt 0:00:00]} b6 {[%emt 0:00:14]} 3. g3 {[%emt 0:01:17]} Bb7 {[%emt 0:00:11]} 4. Bg2 {[%emt 0:00:18]} e6 {[%emt 0:00:21]} 5. O-O {[%emt 0:00:08]} Be7 {[%emt 0:00:24]} 6. Nc3 {[%emt 0:01:48]} O-O {[%emt 0:02:31]} 7. d4 {[%emt 0:00:24]} Ne4 {[%emt 0:01:02]} 8. Qc2 {[%emt 0:00:17]} Nxc3 {[%emt 0:00:42]} 9. Qxc3 {[%emt 0:00:06]} f5 {[%emt 0:01:05]} 10. b3 {[%emt 0:06:48]} Bf6 {[%emt 0:02:37]} 11. Bb2 {[%emt 0:00:16]} d6 {[%emt 0:02:24]} 12. Qd2 {[%emt 0:01:16]} Nd7 {[%emt 0:03:31]} 13. d5 {[%emt 0:01:51]} Bxb2 {[%emt 0:00:21]} 14. Qxb2 {[%emt 0:01:29]} e5 {[%emt 0:01:21]} 15. a3 {[%emt 0:00:58]} Qf6 {[%emt 0:04:35]} 16. b4 {[%emt 0:03:10]} a5 {[%emt 0:00:51]} 17. Nd2 {[%emt 0:33:37]} e4 {[%emt 0:19:12]} 18. Qxf6 {[%emt 0:00:14]} Rxf6 {[%emt 0:00:52]} 19. f4 {[%emt 0:09:04]} Rff8 {[%emt 0:09:39]} 20. Nb3 {[%emt 0:04:34]} axb4 {[%emt 0:06:37]} 21. axb4 {[%emt 0:00:11]} b5 {[%emt 0:00:18]} 22. cxb5 {[%emt 0:00:21]} Bxd5 {[%emt 0:00:30]} 23. Nd4 {[%emt 0:00:55]} g6 {[%emt 0:06:00]} 24. Rfc1 {[%emt 0:04:56]} Rxa1 {[%emt 0:00:00]} 25. Rxa1 {[%emt 0:00:07]} Ra8 {[%emt 0:00:00]} 26. Rxa8+ {[%emt 0:00:20]} Bxa8 {[%emt 0:00:00]} 27. Ne6 {[%emt 0:03:03]} c6 {[%emt 0:06:21]} 28. g4 {[%emt 0:05:53]} cxb5 {[%emt 0:04:01]} 29. gxf5 {[%emt 0:00:47]} Nf6 {[%emt 0:02:24]} 30. fxg6 {[%emt 0:02:21]} hxg6 {[%emt 0:01:05]} 31. Nd4 {[%emt 0:02:50]} Kf7 {[%emt 0:01:47]} 32. Nxb5 {[%emt 0:00:21]} Ke7 {[%emt 0:00:19]} 33. Nd4 {[%emt 0:00:48]} Bd5 {[%emt 0:01:55]} 34. b5 {[%emt 0:01:12]} Kd7 {[%emt 0:03:56]} 35. Bh3+ {[%emt 0:01:19]} Kc7 {[%emt 0:00:24]} 36. e3 {[%emt 0:00:06]} Kb6 {[%emt 0:00:48]} 37. Bc8 {[%emt 0:05:05]} Bc4 {[%emt 0:01:27]} 38. h3 {[%emt 0:00:10]} Bxb5 {[%emt 0:00:42]} 39. Nxb5 {[%emt 0:01:00]} Kxb5 {[%emt 0:00:08]} 40. Be6 {[%emt 0:00:00]} d5 {[%emt 0:00:00]} 41. Bf7 {[%emt 0:00:19]} Kc4 {[%emt 0:04:07]} 42. Kf2 {[%emt 0:00:06]} Kd3 {[%emt 0:00:27]} 43. Bxg6 {[%emt 0:00:15]} Kd2 {[%emt 0:00:25]} 44. Bf7 {[%emt 0:06:42]} d4 {[%emt 0:00:45]} 45. Bc4 {[%emt 0:00:00]} dxe3+ {[%emt 0:01:17]} 46. Kf1 {[%emt 0:00:00]} Nh5 {[%emt 0:02:09]} 0-1

[Event "World Senior chT-65 2019"]
[Site "Rhodes"]
[Date "2019.04.24"]
[Round "9.19"]
[White "Bray, David"]
[Black "Singer, Hans"]
[Result "1/2-1/2"]
[WhiteElo "2121"]
[BlackElo "2195"]
[Annotator "NA"]
[PlyCount "37"]
[EventDate "2019.04.16"]
[EventType "team-tourn"]
[EventCountry "GRE"]
[SourceTitle "playchess.com"]
[Source "ChessBase"]
[SourceQuality "1"]
[WhiteTeam "England"]
[BlackTeam "Austria"]
[WhiteTeamCountry "ENG"]
[BlackTeamCountry "AUT"]
[TimeControl "40/5400+30:1800+30"]

1. d4 {[%emt 0:00:00]} Nf6 {[%emt 0:00:00]} 2. c4 {[%emt 0:00:00]} e6 {[%emt 0:00:08]} 3. Nf3 {[%emt 0:00:05]} b6 {[%emt 0:00:32]} 4. g3 {[%emt 0:00:11]} Bb7 {[%emt 0:01:27]} 5. Bg2 {[%emt 0:00:11]} Bb4+ {[%emt 0:01:46]} 6. Bd2 {[%emt 0:00:34]} Bxd2+ {[%emt 0:01:01]} 7. Nbxd2 {[%emt 0:00:38]} O-O {[%emt 0:01:13]} 8. O-O {[%emt 0:02:36]} d6 {[%emt 0:00:31]} 9. Qc2 {[%emt 0:02:16]} Nbd7 {[%emt 0:01:03]} 10. e4 {[%emt 0:01:07]} e5 {[%emt 0:00:35]} 11. d5 {[%emt 0:00:43]} c6 {[%emt 0:08:32]} 12. b4 {[%emt 0:10:15]} Qc7 {[%emt 0:03:00]} 13. Qb2 {[%emt 0:09:04]} Rac8 {[%emt 0:03:56]} 14. Rac1 {[%emt 0:02:07]} Qb8 {[%emt 0:02:06]} 15. Rfe1 {[%emt 0:05:29]} cxd5 {[%emt 0:08:44]} 16. cxd5 {[%emt 0:03:16]} b5 {[%emt 0:06:14]} 17. Bh3 {[%emt 0:05:15]} Rxc1 {[%emt 0:01:01]} 18. Rxc1 {[%emt 0:00:46]} g6 {[%emt 0:10:39]} 19. Ne1 {[%emt 0:02:48]} 1/2-1/2

[Event "World Senior chT-65 2019"]
[Site "Rhodes"]
[Date "2019.04.24"]
[Round "9.20"]
[White "Ager, Josef"]
[Black "Stokes, Michael"]
[Result "1-0"]
[WhiteElo "2122"]
[BlackElo "2092"]
[Annotator "NA"]
[PlyCount "81"]
[EventDate "2019.04.16"]
[EventType "team-tourn"]
[EventCountry "GRE"]
[SourceTitle "playchess.com"]
[Source "ChessBase"]
[SourceQuality "1"]
[WhiteTeam "Austria"]
[BlackTeam "England"]
[WhiteTeamCountry "AUT"]
[BlackTeamCountry "ENG"]
[TimeControl "40/5400+30:1800+30"]

1. Nf3 {[%emt 0:00:00]} Nf6 {[%emt 0:00:00]} 2. c4 {[%emt 0:00:00]} d6 {[%emt 0:03:05]} 3. d4 {[%emt 0:00:00]} g6 {[%emt 0:00:06]} 4. Nc3 {[%emt 0:00:00]} Bg7 {[%emt 0:00:13]} 5. e4 {[%emt 0:00:00]} O-O {[%emt 0:00:04]} 6. Be2 {[%emt 0:00:00]} e5 {[%emt 0:01:39]} 7. Be3 {[%emt 0:00:08]} Nc6 {[%emt 0:01:28]} 8. O-O {[%emt 0:00:42]} Bd7 {[%emt 0:06:02]} 9. d5 {[%emt 0:00:43]} Ne7 {[%emt 0:00:38]} 10. Ne1 {[%emt 0:00:09]} Ne8 {[%emt 0:02:36]} 11. Nd3 {[%emt 0:01:15]} f5 {[%emt 0:00:52]} 12. a4 {[%emt 0:00:22]} fxe4 {[%emt 0:05:45]} 13. Nxe4 {[%emt 0:00:29]} Nf5 {[%emt 0:01:08]} 14. Bd2 {[%emt 0:00:37]} Nd4 {[%emt 0:12:24]} 15. Re1 {[%emt 0:05:50]} Qh4 {[%emt 0:05:40]} 16. f3 {[%emt 0:05:39]} Bf6 {[%emt 0:15:00]} 17. Ra3 {[%emt 0:02:29]} Ng7 {[%emt 0:03:29]} 18. Bf1 {[%emt 0:04:53]} g5 {[%emt 0:04:59]} 19. Ndf2 {[%emt 0:01:20]} Be7 {[%emt 0:02:06]} 20. a5 {[%emt 0:04:49]} Rf7 {[%emt 0:03:33]} 21. b4 {[%emt 0:01:17]} Raf8 {[%emt 0:00:25]} 22. Bc1 {[%emt 0:02:30]} Bf5 {[%emt 0:04:05]} 23. Rc3 {[%emt 0:02:14]} g4 {[%emt 0:06:20]} 24. g3 {[%emt 0:01:31]} Qh5 {[%emt 0:01:30]} 25. fxg4 {[%emt 0:00:15]} Bxg4 {[%emt 0:00:56]} 26. Qxg4 {[%emt 0:00:23]} Qxg4 {[%emt 0:01:13]} 27. Nxg4 {[%emt 0:00:05]} Nf3+ {[%emt 0:01:50]} 28. Rxf3 {[%emt 0:00:13]} Rxf3 {[%emt 0:00:05]} 29. Ne3 {[%emt 0:00:43]} R3f7 {[%emt 0:01:37]} 30. Bh3 {[%emt 0:03:10]} Kh8 {[%emt 0:02:23]} 31. c5 {[%emt 0:01:16]} Ne8 {[%emt 0:02:28]} 32. Bb2 {[%emt 0:00:32]} h5 {[%emt 0:03:16]} 33. b5 {[%emt 0:00:52]} h4 {[%emt 0:00:45]} 34. b6 {[%emt 0:00:54]} hxg3 {[%emt 0:00:40]} 35. hxg3 {[%emt 0:00:10]} axb6 {[%emt 0:00:55]} 36. axb6 {[%emt 0:00:07]} Bd8 {[%emt 0:02:00]} 37. bxc7 {[%emt 0:00:17]} Nxc7 {[%emt 0:04:07]} 38. Nxd6 {[%emt 0:00:37]} Rf3 {[%emt 0:00:53]} 39. Bxe5+ {[%emt 0:00:29]} Kg8 {[%emt 0:00:21]} 40. Bg2 {[%emt 0:00:00]} Rf2 {[%emt 0:00:00]} 41. Nxb7 {[%emt 0:01:21]} 1-0